000 00796nam a2200229 i 4500
001 30113
003 ES-MaACL
005 20250815004209.0
007 t|
008 030123s1980 sp ||||1| spa d
100 1 _aBarraclough, Geoffrey.
_925812
245 1 0 _aIntroducción a la historia contemporánea /
_cGeoffrey Barraclouch ; [versión Cecilio Sánchez Gil].
250 _a[1ª ed., reimp.].
260 _aMadrid :
_bGredos,
_c[1980]
300 _a349 p. ;
_c19 cm.
490 1 _aBiblioteca universitaria Gredos. II. Ensayos ;
_v2
650 7 _aHistoria contemporánea
_2embne
_913393
700 1 _aSánchez Gil, Cecilio.
_9102671
830 0 _aBiblioteca universitaria Gredos. II. Ensayos ;
_v2
_9181317
852 _aES-MaACL
_jL-616
_bR.101371
999 _c30113
_d30113